000 02265nam a2200313 4500
001 27
003 OSt
005 20250206134107.0
008 250121b |||||||g |||| 00| j eng d
020 _a9788528613445
040 _bpor
041 _heng
_apor
082 _a823
_bA671g
100 1 _aArcher, Jeffrey,
_d1940-
_966
240 _aCat o´nine tales
245 _aGato escaldado tem nove vidas /
_cArcher, Jeffrey ; Tradução de Renato Motta e Ilustração de Ronald Searle
260 _aRio de Janeiro
_bBertrand Brasil
_c2008
300 _a266 p.
_bil.
520 _aJeffrey Archer. autor de dezenas de best sellers internacionais e classificado pela revista Time como "o mestre do entretenimento". passou dois anos em presídios de Sua Majestade. sob acusações de perjúrio e obstrução da justiça durante uma investigação do governo britânico. A temporada - certamente dura para Jeffrey. que agora pode se considerar um "gato escaldado" - revela-se muito proveitosa ao leitor: Gato escaldado tem nove vidas. seu sexto livro de contos. traz diversas narrativas baseadas em histórias que viveu ou ouviu na cadeia. transformadas em material literário por um dos maiores contadores de histórias da atualidade. São 12 contos. nove deles calcados nessas experiências. Entre eles. "O homem que roubou a própria agência dos correios". com título auto-explicativo. e "Não beba água". sobre um homem que tentou envenenar a esposa. trazem finais surpreendentes; "Mestre" mostra como um restaurateur explicou ao Fisco como consegue manter um iate. uma Ferrari e uma casa em Florença com uma renda declarada de 100 mil libras por ano; "O rei vermelho" é sobre um charlatão que entra na vida de um lorde inglês em busca de uma peça que fará seu tabuleiro de xadrez valer uma fortuna; e "Aos olhos de quem vê". o preferido de Archer. no qual um bonito e famoso jogador de futebol do Roma se apaixona por uma mulher espantosamente rica.
650 0 _aLiteratura Inglesa
_989
650 0 _aHumor
_960
650 0 _aHistorias curtas
_967
650 0 _aMistério
_942
650 0 _aCrime e Investigação
_913
655 0 _aConto
_968
700 _aRenato Motta
_eTradutor
_969
700 _aRonald Searle
_eIlustrador
_970
942 _2ddc
_n0
_cBK
999 _c27
_d27